Normal view
MARC view
- Technology and Development Steering Committee
Entry Corporate Name
001 - CONTROL NUMBER
- control field: 37323
003 - CONTROL NUMBER IDENTIFIER
- control field: NUST
005 - DATE AND TIME OF LATEST TRANSACTION
- control field: 20210314130242.0
008 - FIXED-LENGTH DATA ELEMENTS
- fixed length control field: 210314|| aca||aabn | a|a d
040 ## - CATALOGING SOURCE
- Original cataloging agency: NUST
- Transcribing agency: NUST
110 ## - HEADING--CORPORATE NAME
- Corporate name or jurisdiction name as entry element: Technology and Development Steering Committee
670 ## - SOURCE DATA FOUND
- Source citation: Work cat.: (NUST): Marshaling technology for development :, 1995.
